000
00301nam a22001337a 4500
008
171002b xxu||||| |||| 00| 0 eng d
020
_a
0070432058
041
_a
eng
080
_2
6TH
_a
159.9
100
_a
48
101
_a
PSI
245
_a
INTRODUCTION TO PSYCHOLOGY
_c
MORGAN,C.T
942
_2
udc
_c
BK
999
_c
31215
_d
31215